01689nam a2200313uu 4500001000800000005001700008007001000025008004100035035001200076040001300088041000800101080000600109082000800115100003900123245016000162260004300322300001300365520067400378650004001052650003501092650003401127650002101161650002801182650003901210700004501249856006101294502001201355526000801367129647820260508075203.0co|||||||120906e20120906 spa  a1296478 ccomduadb aspa aP 4a32010aHenao Carmona, Alejandra4auteaut13aLa política pública de protección a los animales en el municipio de Medellín : un análisis desde el enfoque de redes y desde el enfoque cognitivo aMedellín :b[sin publicador],c2012. a1 CD-ROM3 aEl caso de la ciudad de Medellín en cuanto al tema de los animales es particular, puesto que esta ciudad es pionera no solo en Colombia sino en Latinoamérica en políticas de protección a los animales. Éste logro ha sido fruto del trabajo de los movimientos de defensa animal existentes en la ciudad y de parte de los entes gubernamentales que han abierto espacios a la participación de los defensores. Gracias a la organización de tales movimientos en la ciudad, se logró avanzar significativamente en los últimos cuatro años, puesto que se unieron con el fin de tener un defensor de animales representando sus intereses en el Consejo de Medellín. aPolíticas públicas - Medellín 7aDerechos de los animales2lemb 7aAnimalesxProtección2embne aAntropocentrismo aMaltrato a los animales aAnálisis de redes (Sociología)10aCano Blandón, Luisa Fernanda4thseths4 uhttps://bibliotecadigital.udea.edu.co/handle/10495/26284 b132c14 a134